000
00328nam a2200145Ia 4500
008
191201s2011 xx 000 0 und d
082
_a
658.3
_b
RAH
100
_a
RAO,V.S.P
245
0
_a
Human Resource Management
250
_a
Rep
260
_a
N.Delhi
_b
Excel Books
_c
2011
300
_a
839
650
_a
MBA
942
_2
ddc
_c
BK
999
_c
5311
_d
5311